Städte nach Dönerpreisen sortiert - Statistiken

Allgemein
  • Dieses Quiz wurde 64 mal gespielt
  • Das Durchschnittsergebnis liegt bei 4 aus 21
Antwortstatistiken
Preis Stadt % Korrekt
8,53 € München
80%
8,83 € Kiel
58%
8,02 € Hamburg
32%
7,30 € Berlin
30%
8,18 € Frankfurt am Main
30%
8,33 € Stuttgart
30%
7,74 € Köln
26%
8,50 € Leipzig
26%
6,53 € Dortmund
24%
7,23 € Bremen
14%
7,30 € Hannover
12%
7,58 € Augsburg
8%
7,10 € Düsseldorf
8%
6,91 € Nürnberg
8%
7,13 € Dresden
6%
7,13 € Essen
6%
6,58 € Mannheim
6%
7,30 € Mainz
4%
7,26 € Schwerin
4%
7,50 € Saarbrücken
2%
7,16 € Wiesbaden
0%
Keine übereinstimmenden Quizze gefunden
Verteilung der Resultate
Anzahl Personen mit jedem Resultat
Perzentil nach korrekt beantworteten Fragen
Ihre Resultats-Entwicklung
Sie haben dieses Quiz noch nicht gespielt